00650nam a2200229 a 4500001001300000003000900013005001700022008004100039020001000080082001400090100001700104245001900121260003700140300000900177500003500186650002300221700001700244902000800261942000700269952012700276999001700403nice12345678IN_TiNIC20260116014839.0070807s2004 dela grp 000 0 eng  ac89500a297bSEL1 aSell, Edward aFaith of Islam aDelhibMittal Publication c2004 a466p aincludes index and biblioraphy aIslam-Meccan Trade1 aSell, Edward bSRS cBK 001040708StackRoom-aHMIbHMId2010-08-06g895.00l3o297 SEL1p022109r2022-11-18s2022-11-10v895.00w2007-08-07yBK c17248d17248